Producción, recursos y medio ambiente en el sudoeste bonaerense : actas /

Detalles Bibliográficos
Autor Corporativo: Jornadas Interdisciplinarias del Sudoeste Bonaerense Bahía Blanca, Argentina
Formato: Procedimiento de la Conferencia Libro
Publicado: Bahía Blanca : UNS, 2005.
Materias:
Etiquetas: Agregar Etiqueta
Sin Etiquetas, Sea el primero en etiquetar este registro!

MARC

LEADER 00000nam a22000004a 4500
001 AR-BbUGT4251
003 AR-BbUGT
005 20251030111549.0
007 ta
008 061101t2005 |||ad |1|||0| d
020 |a 9871171153 
040 |a AR-BbUGT  |b spa  |c AR-BbUGT 
082 0 4 |a 910 
111 2 |a Jornadas Interdisciplinarias del Sudoeste Bonaerense   |n (3 :  |d 2004 septiembre 2-4 :  |c Bahía Blanca, Argentina) 
245 1 0 |a Producción, recursos y medio ambiente en el sudoeste bonaerense :   |b actas /   |c editado por María del Carmen Vaquero y Mabel N. Cernadas de Bulnes. 
260 |a Bahía Blanca :   |b UNS,   |c 2005. 
300 |a 504 p. :   |b il., figuras  
505 2 |a Capacidad de carga turística: ¿una herramienta eficaz?. Caso: Parque Provincial Ernesto Tornquist, Partido de Tornquist, Pcia. de Buenos Aires / Valeria Gil y Alicia Zinger -- Propuesta de trabajo para optimizar la administración de una reserva natural en el estuario bahiense: plan de manejo de la reserva natural de uso múltiple "Bahía Blanca, Bahía Falsa, Bahía Verde". Avances y logros / Victoria Massola -- Propuesta de evaluación de recursos turísticos en un área protegida del sudoeste bonaerense / Paola Rosake -- La evaluación de los recursos turísticos: comparación metodológica. Estudio de caso: área serrana del partido de Tornquist / Cecilia Rodríguez -- Zonificación de áreas de riego de inundación mediante el uso de cartografía básica. Laguna Puan. Partido de Puan, Pcia de Buenos Aires / Verónica Gil y Olga del Pozo -- Distribución y concentraciones de Boro en el agua freática en el Partido de Coronel Dorrego. Pcia. de Buenos Aires, República Argentina / Juan D. Paoloni, Carmen Fiorentino y Mario Sequeira. -- Abastecimiento de agua potable a General Lamadrid: hacia un uso sustentable del recurso / Claudia Sereno y Susana Zinger -- Evaluación preliminar de las concentraciones de contaminantes naturales en las aguas de la subcuenca del arroyo "El Divisorio", afluente al Embalse Paso Piedras / P. Arosteguy et. al. -- Vulnerabilidad de las aguas subterráneas a la contaminación de nutrientes en el Partido de Coronel Dorrego / Carmen Fiorentino, Juan D. Paoloni y Mario Sequeira -- El diagnóstico ambiental en el ordenamiento urbano. El caso del sector este de General Daniel Cerri / Silvina Spagnolo -- Dinámica de la expansión urbana de Coronel Suárez / María Belén Prieto -- Dinámica de la expansión urbana del sector sur de Bahía Blanca / María Belén Prieto y Nidia Formiga -- Las fuentes históricas-geográficas y la reconstrucción del proceso de transformación espacial en el marco de una geografía histórica ambiental / Ana María Fuentes y Silvia Grippo -- La actividad ladrillera: un rasgo distintivo en el periurbano bahiense. Sector Aldea Romana, Villa Halding Green y Patagonia Norte / Ana María Fuentes et al. -- Aplicabilidad de las técnicas de percepción remota y SIG para la detección de áreas con problemas de erosión eólica en San Román / María Paula Michalijos -- Geomorfología y relación suelo paisaje en el partido de Villarino, partido de Buenos Aires / Magdalena González Uriarte et al. -- El mercado laboral turístico en Bahía Blanca: empresas de viajes y turismo / Sabrina Caramelli y Ana Prystupa -- Turismo urbano: revalorización del patrimonio arquitectónico de Coronel Suárez / Marisol Bahl y María del Carmen Vaquero -- Turismo y patrimonio: la valorización del patrimonio arquitectónico por actores locales no calificados. Metodología para elaborar un preinventario / Juan Carlos Pascale y Pablo Albanesi -- "El Camino de las Estancias". Corredor agroturístico del Sudoeste. Un producto turístico integrador: Sierra, pampa y mar / Daniela Bilansky y Patricia Ercolani -- Turismo sexual infantil: potencialidad de Bahía Blanca / Sabrina Caramelli y María Lujan Bustos -- Patrimonio gastronómico: construcción de una oferta turística específica / María Isabel Haag -- Educación y desarrollo local. Experiencia de valoración histórica y su transformación en recurso turístico. Ex Club Hotel de La Ventana / Carlos Llamas y Liliana Oustry -- La potencialidad de Aldea Romana para el agroturismo / Romina Schroeder, Silvia Santarelli y Marta Campos -- Proceso histórico y conflicto legal en el desarrollo del balneario "La Chiquita" (partido de Villarino, Pcia. de Buenos Aires) / María Luján Bustos y María del Carmen Vaquero -- El desarrollo del turismo en el sudoeste de la provincia de Buenos Aires: posibilidades y restricciones / María del Carmen Vaquero y Patricia Ercolani -- Unidades de paisaje en el Valle de Curamalal, su valoración patrimonial y aptitud turística / Olga del Pozo y PAtricia Rosell -- Caminata interpretativa costera "Rescatando nuestro paisaje y la vida silvestre asociada" en Villa del Mar, municipio de Coronel Rosales / Victoria Massola -- Técnicas cuantitativas y computacionales aplicadas al análisis de los fenómenos espaciales / Cecilia Ockier y Ana Lía Casado -- Envejecimiento de la población en Bahía Blanca / Nora Pizarro -- Análisis de la mortalidad y edad media de muerte, por sexo, en la ciudad de Bahía Blanca, 1993-1998 / Nora Pizarro -- Situación socio-económica de los niños bolivianos desde la mirada del docente / Cecilia Ockier y Ana Inés Barelli -- Efectos socio-espaciales de la migración boliviana en Bahía Blanca / Rosa Fittipaldi y Ana Lía Casado 
651 4 |a Sudoeste bonaerense (Argentina : Región)  |9 264 
651 4 |a General La Madrid (Argentina : Partido)  |9 333 
651 4 |a Tornquist (Argentina : Partido)  |9 339 
651 4 |a Estuario de Bahía Blanca (Argentina)  |9 962 
651 4 |a Puan (Argentina : Partido)  |9 349 
651 4 |a Coronel Dorrego (Argentina : Partido)   |9 331 
651 4 |a Villarino (Argentina : Partido)  |9 262 
651 4 |a Bahía Blanca (Argentina)  |9 257 
651 4 |a Coronel Suárez (Argentina)  |9 323 
653 |a Cebada Cervecera 
653 |a Soja 
653 |a Hidrología 
653 |a Riego 
653 |a Forrajes 
653 |a Ostras 
653 |a Brucelosis 
653 |a Bahía Anegada 
942 |c BK  |h 910  |i J769 2004  |2 ddc  |e 21  |6 910_000000000000000_J769_2004 
999 |c 11552  |d 11552